000 00398nam a2200145Ia 4500
008 210716s2007 xx 000 0 und d
020 _a9788131505519
041 _aeng
082 _a658.7 DAVP
100 _aDavid, Pierre A; Stewert, Richard D.
245 _aInternational supply chain management.
250 _a1
260 _aNew Delhi
_bCengage Learning India Pvt Ltd
_c2007
300 _a345
999 _c206803
_d206803